[Event "Druga liga CS - Istok 2018 grupa sever"]
[Site ""]
[Date "2018.09.07"]
[Round "1.14"]
[White "Golubovic, Marko"]
[Black "Djukic, Slobodan D"]
[Result "1/2-1/2"]
[WhiteElo "1994"]
[BlackElo "2159"]
[PlyCount "0"]
[WhiteTeam "RADNICKI - Cuprija"]
[BlackTeam "VGSK - Veliko Gradiste"]
[EventDate "2018.09.07"]

1.e4 c5 2.Nc3 Nc6 3.g3 g6 4.Bg2 Bg7 5.d3 d6 6.f4 Nf6 7.Nf3 O-O
8.O-O Bd7 9.h3 Rc8 10.e5 dxe5 11.Nxe5 Nxe5 12.fxe5 Ne8 13.Qe2
Nc7 14.Kh2 b6 15.Nd5 Nxd5 16.Bxd5 Bxh3 17.Bxf7+ Rxf7 18.Rxf7
Kxf7 19.Kxh3 Qd5 20.Bf4 Rf8 21.Rc1 Kg8 22.Qg2 Qxg2+ 23.Kxg2 Rf5
24.c3 Kf7 25.d4 Ke6 26.Be3 Kd5 27.g4 Rf8 28.dxc5 bxc5 29.Rd1+
Kc6 30.Rh1 Rh8 31.e6 h5 32.Rh4 Be5 33.Kf3 Kd5 34.c4+ Kxe6 35.Bxc5
Bxb2 36.gxh5 Rxh5 37.Rxh5 gxh5 38.Bxa7 Ke5 39.Bc5 1/2-1/2

[Event "Druga liga CS - Istok 2018 grupa sever"]
[Site ""]
[Date "2018.09.07"]
[Round "1.15"]
[White "Madjar, Stanislav"]
[Black "Mijajlovic, Jovan"]
[Result "1-0"]
[WhiteElo "2192"]
[BlackElo "1959"]
[PlyCount "0"]
[WhiteTeam "VGSK - Veliko Gradiste"]
[BlackTeam "RADNICKI - Cuprija"]
[EventDate "2018.09.07"]

1.c4 c5 2.Nc3 e6 3.Nf3 b6 4.g3 Bb7 5.Bg2 Nf6 6.O-O Be7 7.b3 d6
8.Bb2 Nbd7 9.d4 cxd4 10.Qxd4 a6 11.Rad1 Qc7 12.Rfe1 Rc8 13.e4
O-O 14.Qe3 Rfe8 15.Nd4 h6 16.h3 Bf8 17.Qd2 Qc5 18.Kh2 h5 19.Na4
Qc7 20.Qg5 Be7 21.Kg1 Nxe4 22.Qxg7+ Kxg7 23.Nxe6+ Kg8 24.Nxc7
Rxc7 25.Bxe4 Bxe4 26.Rxe4 Nc5 27.Nxc5 dxc5 28.Rde1 b5 29.Bf6
Bxf6 30.Rxe8+ Kg7 31.Ra8 Rc6 32.Re2 Bd4 33.Kg2 Rf6 34.h4 Kg6
35.f4 Rd6 36.Kh3 Bf6 37.Re3 Bd4 38.Rd3 Kf5 39.Ra7 Ke4 40.Rd1
Kf3 41.Re7 Rg6 42.Rd3+ Kf2 43.f5 Rg8 44.Re4 Bf6 45.g4 hxg4+ 46.Rxg4
Re8 47.Rg2+ Ke1 48.Kg3 Rh8 49.Kf3 Re8 50.Rg1# 1-0

[Event "Druga liga CS - Istok 2018 grupa sever"]
[Site ""]
[Date "2018.09.07"]
[Round "1.16"]
[White "Manic, Veljko"]
[Black "Mickovic, Slavisa"]
[Result "0-1"]
[WhiteElo "1902"]
[BlackElo "2072"]
[PlyCount "0"]
[WhiteTeam "RADNICKI - Cuprija"]
[BlackTeam "VGSK - Veliko Gradiste"]
[EventDate "2018.09.07"]

1.e4 c6 2.d4 d5 3.exd5 cxd5 4.Nf3 Nc6 5.Be2 Nf6 6.Bf4 Bf5 7.c3
e6 8.Nbd2 Bd6 9.Bxd6 Qxd6 10.Nh4 Bg6 11.Nxg6 hxg6 12.Nf3 Rb8
13.a4 a6 14.h3 Ne4 15.Nd2 Qf4 16.Nxe4 Qxe4 17.O-O g5 18.Bg4 Qf4
19.Re1 O-O 20.Qf3 Qxf3 21.Bxf3 b5 22.axb5 axb5 23.Ra6 Rfc8 24.Rd1
Ne7 25.Ra3 b4 26.Rb3 bxc3 27.Rxb8 Rxb8 28.bxc3 Rc8 29.Rd3 Nf5
30.Kf1 Nd6 31.Ke1 Kf8 32.Kd2 Ra8 33.Kc1 Nc4 34.Bd1 Ra1+ 35.Kc2
Ra2+ 36.Kb3 Rb2+ 37.Ka4 Rxf2 0-1

[Event "Druga liga CS - Istok 2018 grupa sever"]
[Site ""]
[Date "2018.09.07"]
[Round "1.17"]
[White "Kostic, Tomislav"]
[Black "Stanisavljevic, Vladan"]
[Result "0-1"]
[WhiteElo "2045"]
[BlackElo "1882"]
[PlyCount "0"]
[WhiteTeam "VGSK - Veliko Gradiste"]
[BlackTeam "RADNICKI - Cuprija"]
[EventDate "2018.09.07"]

1.e4 e6 2.d4 d5 3.Nc3 dxe4 4.Nxe4 Be7 5.Nf3 Nf6 6.Bd3 Nbd7 7.O-O
Nxe4 8.Bxe4 Nf6 9.Bd3 c5 10.c3 O-O 11.Re1 cxd4 12.Nxd4 b6 13.Nc6
Qc7 14.Nxe7+ Qxe7 15.Bg5 Bb7 16.Re3 h6 17.h4 Rfd8 18.Bxf6 Qxf6
19.Qg4 Rd6 20.a4 Rad8 21.Qg3 a5 22.Rae1 Kh8 23.Bc2 Bc6 24.Qg4
Rd2 25.R1e2 Bb7 26.Qc4 Rxc2 27.Rxc2 Qg6 28.Rg3 Qxc2 29.Qc7 Qd1+
30.Kh2 Qd7 31.Qxb6 Ra8 32.Rg4 e5 33.f3 e4 34.Rf4 exf3 35.gxf3
Ra6 36.Qe3 Qe6 37.Qf2 Bc8 38.Rd4 Qe7 39.Rd2 Rg6 40.Qd4 Qc7+ 41.f4
Be6 42.Qd8+ Qxd8 43.Rxd8+ Kh7 44.b4 Bb3 45.bxa5 Bxa4 46.Rd4 Bb3
47.Rb4 Bd1 48.Rb6 Rg4 49.Kh3 Rxf4 50.a6 Rf3+ 51.Kg2 Rxc3 52.Rd6
Bf3+ 53.Kf2 Be4 54.a7 Rh3 55.Rd7 f5 56.Re7 Kg6 57.h5+ Kf6 58.Rd7
Rh4 59.Rd8 Rxh5 60.a8Q Bxa8 61.Rxa8 Rh3 62.Ra4 Rb3 63.Rc4 Kg5
64.Ra4 h5 65.Kg2 g6 66.Kh2 f4 67.Ra6 Kf5 68.Kg2 g5 69.Ra5+ Kg4
70.Kf2 Rb2+ 71.Kf1 h4 72.Ra3 f3 73.Kg1 Kg3 74.Ra1 g4 75.Rc1 h3
76.Kh1 Re2 77.Kg1 f2+ 78.Kf1 Re1+ 0-1

[Event "Druga liga CS - Istok 2018 grupa sever"]
[Site ""]
[Date "2018.09.07"]
[Round "1.18"]
[White "Pantic, Dejan"]
[Black "Kostic, Marko"]
[Result "1-0"]
[WhiteElo "1822"]
[BlackElo "1971"]
[PlyCount "0"]
[WhiteTeam "RADNICKI - Cuprija"]
[BlackTeam "VGSK - Veliko Gradiste"]
[EventDate "2018.09.07"]

1.e4 e5 2.g3 Nf6 3.Bg2 Nc6 4.Ne2 Bc5 5.O-O d6 6.Nbc3 a6 7.h3
Be6 8.a3 Qd7 9.Kh2 Nd4 10.b4 Ba7 11.f4 Qc6 12.f5 Bc8 13.d3 b5
14.Rb1 Bb7 15.Bg5 Ng8 16.f6 g6 17.Bd2 Qd7 18.Nxd4 Bxd4 19.Nd5
c6 20.Ne3 h5 21.c3 Bb6 22.Nc2 Qe6 23.Bg5 O-O-O 24.Qd2 Kb8 25.h4
d5 26.exd5 cxd5 27.Rbe1 Bc7 28.Nd4 Qd6 29.Nb3 Re8 30.Nc5 Bc8
31.d4 e4 32.Bf4 Qc6 33.Bg5 Bd6 34.Qe3 Ka7 35.Ra1 Bf8 36.a4 Nh6
37.Bh3 Nf5 38.Bxf5 gxf5 39.Qe2 Kb6 40.axb5 Qxb5 41.Qe3 Bd6 42.Rf2
Bxc5 43.bxc5+ Ka7 44.Rfa2 Re6 45.Bf4 Rg8 46.Be5 Rc6 47.Qd2 Qc4
48.Rb2 Rg4 49.Rb4 Qd3 50.Qxd3 exd3 51.Rd1 Re4 52.Rxd3 Re2+ 53.Kg1
Ra2 54.Bd6 a5 55.Rb1 Ra4 56.Re3 Be6 57.Rxe6 fxe6 58.Rb8 1-0

[Event "Druga liga CS - Istok 2018 grupa sever"]
[Site ""]
[Date "2018.09.07"]
[Round "1.21"]
[White "Garic, Radomir"]
[Black "Radosavljevic, Slobodan D"]
[Result "1/2-1/2"]
[WhiteElo "2304"]
[BlackElo "2228"]
[PlyCount "0"]
[WhiteTeam "MAJDANPEK - Majdanpek"]
[BlackTeam "KABLOVI - Jagodina"]
[EventDate "2018.09.07"]

1.e4 e5 2.Nf3 d6 3.Bc4 Be7 4.O-O Nf6 5.Nc3 O-O 6.Re1 Bg4 7.h3
Bh5 8.d3 Nc6 9.a4 Kh8 10.Nd5 Nxd5 11.Bxd5 Bxf3 12.Qxf3 Nd4 13.Qd1
c6 14.c3 cxd5 15.cxd4 dxe4 16.dxe4 exd4 17.Qxd4 Bf6 18.Qd5 Qb6
19.Ra3 Qc6 20.Qxc6 bxc6 21.Rd3 Rfd8 22.Red1 Be7 23.Bf4 Rd7 24.Bxd6
Rad8 25.e5 f6 26.f4 Kg8 27.Kf1 fxe5 28.fxe5 Bxd6 29.exd6 Rf8+
30.Ke2 Rf6 31.R1d2 Kf7 32.Kd1 Rf4 33.b3 Rf5 34.Kc2 Ke6 35.Re3+
Re5 36.Rxe5+ Kxe5 37.Kc3 Rxd6 38.Rxd6 Kxd6 39.Kb4 Kc7 40.Kc5
Kd7 41.b4 Kc7 42.Kc4 Kd6 43.Kd4 Ke6 44.g4 Kd6 45.g5 Ke6 46.Kc5
Kd7 47.Kc4 Kd6 48.Kd4 Ke6 49.Kc5 Kd7 50.b5 cxb5 51.Kxb5 Kc7 52.Kc5
h6 53.g6 h5 54.Kd5 Kd7 55.a5 h4 56.Kc5 Kc7 57.Kb5 Kb7 58.Kb4
Kc7 59.a6 Kd7 60.Kb5 Kd6 61.Kc4 Kc6 62.Kd4 Kd6 63.Ke4 Ke6 64.Kf4
Kf6 65.Kg4 Ke5 66.Kg5 Ke4 1/2-1/2

[Event "Druga liga CS - Istok 2018 grupa sever"]
[Site ""]
[Date "2018.09.07"]
[Round "1.22"]
[White "Spasojevic, Zoran M"]
[Black "Organdziev, Oliver"]
[Result "0-1"]
[WhiteElo "2201"]
[BlackElo "2243"]
[PlyCount "0"]
[WhiteTeam "KABLOVI - Jagodina"]
[BlackTeam "MAJDANPEK - Majdanpek"]
[EventDate "2018.09.07"]

1.c4 Nf6 2.Nc3 c6 3.e4 d5 4.e5 d4 5.Nce2 Ng4 6.Nf3 c5 7.h3 Nh6
8.d3 Nc6 9.Bf4 Qa5+ 10.Nd2 g5 11.Bxg5 Nxe5 12.Nc1 Qb6 13.f4 Nc6
14.g4 Bd7 15.Bg2 O-O-O 16.Ncb3 f6 17.Bh4 f5 18.Bf3 Nb4 19.Nf1
Bc6 20.Rh2 Rg8 21.Be2 Ba4 22.Qd2 fxg4 23.Bg5 gxh3 24.a3 Na6 25.Na5
Nf5 26.Bg4 Bd7 27.Bf3 h6 28.Bd5 Rg6 29.Bxb7+ Kc7 30.b4 hxg5 31.b5
Nb8 32.Bd5 g4 33.Nb3 g3 34.Rxh3 g2 35.Bxg2 0-1

[Event "Druga liga CS - Istok 2018 grupa sever"]
[Site ""]
[Date "2018.09.07"]
[Round "1.23"]
[White "Ugrenovic, Bozidar"]
[Black "Ivic, Matija"]
[Result "0-1"]
[WhiteElo "2228"]
[BlackElo "2246"]
[PlyCount "0"]
[WhiteTeam "MAJDANPEK - Majdanpek"]
[BlackTeam "KABLOVI - Jagodina"]
[EventDate "2018.09.07"]

1.Nf3 Nf6 2.c4 c5 3.Nc3 b6 4.g3 Bb7 5.Bg2 g6 6.O-O Bg7 7.d4 cxd4
8.Qxd4 d6 9.Be3 Nbd7 10.Rfd1 Rc8 11.Rac1 O-O 12.Qh4 Re8 13.b3
Qc7 14.Bh3 Qb8 15.Ne1 a6 16.Nd3 Rc7 17.Nb4 Rec8 18.Nbd5 Nxd5
19.Nxd5 Bxd5 20.cxd5 Rxc1 21.Bxc1 Bf6 22.Bg5 Rc7 23.Bxd7 Bxg5
24.Qxg5 Rxd7 25.h4 Rc7 26.h5 Qc8 27.h6 f6 28.Qe3 b5 29.Kg2 Kf7
30.Rd3 Qf5 31.Qd2 Rc5 32.b4 Rc4 33.a3 g5 34.f3 g4 35.Qe3 Rc8
36.Rd2 Rc4 37.Rd4 gxf3+ 38.exf3 Rc2+ 39.Rd2 Qe5 40.Qd3 Rxd2+
41.Qxd2 Qg5 42.Qd3 Qxh6 43.Qe4 Qh5 44.Qe6+ Kf8 45.f4 Qg6 46.Qc8+
Kg7 47.Qe6 Qf7 48.Qg4+ Kh6 49.Qf5 Kg7 50.Qg4+ Kf8 51.Qc8+ Kg7
52.Qg4+ Qg6 53.Qe6 Qc2+ 54.Kh3 Kf8 55.Kg4 Ke8 56.Qg8+ Kd7 57.Qe6+
Kd8 58.Qg8+ Kc7 59.Qe6 Qd1+ 60.Kh3 Qh1+ 61.Kg4 h5+ 62.Kf5 Qh3+
63.Ke4 Qxe6+ 64.dxe6 Kc6 0-1

[Event "Druga liga CS - Istok 2018 grupa sever"]
[Site ""]
[Date "2018.09.07"]
[Round "1.24"]
[White "Popovic, Djordje D"]
[Black "Milunovic, Toni"]
[Result "1/2-1/2"]
[WhiteElo "2234"]
[BlackElo "2174"]
[PlyCount "0"]
[WhiteTeam "KABLOVI - Jagodina"]
[BlackTeam "MAJDANPEK - Majdanpek"]
[EventDate "2018.09.07"]

1.d4 d5 2.c4 c6 3.Nf3 Nf6 4.Nc3 e6 5.e3 Nbd7 6.Qc2 dxc4 7.Bxc4
b5 8.Bd3 Bb7 9.O-O Rc8 10.Rd1 Qc7 11.Bd2 a6 1/2-1/2

[Event "Druga liga CS - Istok 2018 grupa sever"]
[Site ""]
[Date "2018.09.07"]
[Round "1.25"]
[White "Simic, Petar S"]
[Black "Stefanovic, Vladimir"]
[Result "1-0"]
[WhiteElo "2031"]
[BlackElo "2239"]
[PlyCount "0"]
[WhiteTeam "MAJDANPEK - Majdanpek"]
[BlackTeam "KABLOVI - Jagodina"]
[EventDate "2018.09.07"]

1.Nf3 c5 2.b3 Nf6 3.g3 g6 4.Bb2 Bg7 5.Bg2 O-O 6.O-O Nc6 7.c4
d6 8.Nc3 e5 9.d3 h6 10.Ne1 Be6 11.Nd5 Qd7 12.Nxf6+ Bxf6 13.Nc2
d5 14.Ne3 d4 15.Nd5 Bg7 16.Ba3 Qd6 17.Qd2 a5 18.Bc1 Ra6 19.a3
f5 20.Rb1 Kh7 21.b4 cxb4 22.axb4 Bxd5 23.Bxd5 axb4 24.Qc2 Rb8
25.Bd2 Bf8 26.Rb3 Qc5 27.Rfb1 Ra4 28.R3b2 Qa5 29.Qb3 Ra3 30.Qd1
Qa4 31.Qe1 Rc3 32.Ra1 Ra3 33.Rab1 Ra2 34.Rxa2 Qxa2 35.Bxb4 Nxb4
36.Rxb4 Bxb4 37.Qxb4 Re8 38.Qxb7+ Kh8 39.Qf7 Qa4 40.Qxg6 Qd7
41.Bc6 Re6 42.Bxd7 Rxg6 43.Bxf5 Rb6 44.Kg2 Kg7 45.Kf3 Kf6 46.Bg4
Rb1 47.Ke4 Rh1 48.h3 Rh2 49.c5 Ke7 50.Kxe5 Rxf2 51.c6 Kd8 52.Kd6
Rf7 53.Bd7 1-0

[Event "Druga liga CS - Istok 2018 grupa sever"]
[Site ""]
[Date "2018.09.07"]
[Round "1.26"]
[White "Blagojevic, Vladan"]
[Black "Delic, Brano"]
[Result "1/2-1/2"]
[WhiteElo "2107"]
[BlackElo "1830"]
[PlyCount "0"]
[WhiteTeam "KABLOVI - Jagodina"]
[BlackTeam "MAJDANPEK - Majdanpek"]
[EventDate "2018.09.07"]

1.c4 Nf6 2.Nf3 d6 3.d4 Nbd7 4.Nc3 e5 5.dxe5 dxe5 6.a3 c6 7.Qc2
Qc7 8.g3 g6 9.Bg2 Bg7 10.O-O O-O 11.e4 a5 12.Qe2 b6 13.Be3 Bb7
14.h3 Rfd8 15.Rac1 Nf8 16.Rfd1 1/2-1/2

[Event "Druga liga CS - Istok 2018 grupa sever"]
[Site ""]
[Date "2018.09.07"]
[Round "1.27"]
[White "Brankovan, Mario"]
[Black "Radisavljevic, Dalibor"]
[Result "0-1"]
[WhiteElo "1916"]
[BlackElo "1985"]
[PlyCount "0"]
[WhiteTeam "MAJDANPEK - Majdanpek"]
[BlackTeam "KABLOVI - Jagodina"]
[EventDate "2018.09.07"]

1.d4 Nf6 2.Nf3 g6 3.e3 Bg7 4.Bd3 d6 5.b3 O-O 6.Bb2 c5 7.O-O Nc6
8.Nbd2 Nb4 9.Be2 Bf5 10.c3 Nc6 11.a4 a6 12.Ba3 b6 13.Rc1 a5 14.Ne1
e5 15.Nc4 Qc7 16.Bb2 h5 17.Na3 Rad8 18.Bb5 e4 19.Bxc6 Qxc6 20.c4
Rfe8 21.d5 Qd7 22.Qd2 Qe7 23.Bxf6 Qxf6 24.Nb5 Qe5 25.Nc2 Re7
26.Nca3 Bc8 27.Nb1 Qg5 28.Kh1 h4 29.N1c3 h3 30.Rg1 Bg4 31.Ne2
hxg2+ 32.Rxg2 Bf3 33.Ng3 Qh4 34.Nc3 Bxc3 35.Qxc3 f6 36.Rcg1 Rh7
37.Nf1 Kf7 0-1

[Event "Druga liga CS - Istok 2018 grupa sever"]
[Site ""]
[Date "2018.09.07"]
[Round "1.28"]
[White "Milosevic, Aleksandar J"]
[Black "Nikolic, Lazar"]
[Result "1-0"]
[WhiteElo "2046"]
[BlackElo "1569"]
[PlyCount "0"]
[WhiteTeam "KABLOVI - Jagodina"]
[BlackTeam "MAJDANPEK - Majdanpek"]
[EventDate "2018.09.07"]

1.e4 c5 2.Nf3 Nc6 3.d4 cxd4 4.Nxd4 d6 5.Nc3 g6 6.Be3 Bg7 7.Qd2
Nf6 8.f3 O-O 9.O-O-O Re8 10.g4 Bd7 11.h4 a6 12.h5 b5 13.hxg6
fxg6 14.Qh2 Ne5 15.Nd5 Kf7 16.Be2 Rb8 17.Qf4 Kg8 18.Nxf6+ exf6
19.Rh2 Qe7 20.Qg3 Rb7 21.Rdh1 Bf8 22.Bh6 Rc8 23.Kb1 Rbc7 24.Bxf8
Rxf8 25.Qf4 g5 26.Qg3 Bc6 27.Nf5 Qe6 28.Rd1 Rd8 29.Qh3 Ng6 30.Qh6
Nf4 31.Rdh1 Nxe2 32.Qg6+ Kf8 33.Rxh7 Rxh7 34.Rxh7 Qc4 35.Rh8+ 1-0

[Event "Druga liga CS - Istok 2018 grupa sever"]
[Site ""]
[Date "2018.09.07"]
[Round "1.31"]
[White "Maksimovic, Bojan"]
[Black "Marjanovic, Dejan"]
[Result "1/2-1/2"]
[WhiteElo "2256"]
[BlackElo "2382"]
[PlyCount "0"]
[WhiteTeam "POZAREVACKI SK -Pozarevac"]
[BlackTeam "RUDAR - Kostolac"]
[EventDate "2018.09.07"]

1.e4 e5 2.Nf3 Nc6 3.Bb5 Bc5 4.O-O Qf6 5.Nc3 Nge7 6.d3 h6 7.Bxc6
dxc6 8.Be3 Bd6 9.Nd2 Ng6 10.Nc4 Bb4 11.d4 Bxc3 12.bxc3 exd4 13.cxd4
b6 14.Nd2 Qe7 15.c4 O-O 16.d5 Qd7 17.Rc1 Bb7 18.Qa4 a6 19.Qc2
Rac8 20.Rfd1 Rfe8 21.c5 bxc5 22.d6 Qxd6 23.Nb3 Qe5 24.Nxc5 Ba8
25.Qc3 Qh5 26.f3 Nf8 27.Qc4 Ne6 28.Nxe6 Rxe6 29.Qxa6 Ree8 30.Qa7
Qe5 31.Qc5 Qe6 32.Qc4 Qxc4 33.Rxc4 Red8 34.Rxd8+ Rxd8 35.Kf2
Bb7 36.Rd4 Ra8 37.a4 c5 38.Rc4 Bc6 39.Rxc5 Bxa4 40.Rxc7 Bb3 41.g4
Re8 42.Kg3 Ba2 43.Ra7 Bb3 44.h4 Bc4 45.h5 Bb3 46.Kf4 Bd1 47.Rd7
Ba4 48.Rd4 Bb3 49.Rb4 Bd1 50.Rb1 Rd8 51.Kg3 Bc2 52.Rc1 Bb3 53.f4
Rd3 54.Re1 f6 55.f5 Rc3 56.Kf3 Bc2 57.Ra1 Rc4 58.Ra8+ Kf7 59.Ra7+
Kf8 60.Ra8+ Kf7 1/2-1/2

[Event "Druga liga CS - Istok 2018 grupa sever"]
[Site ""]
[Date "2018.09.07"]
[Round "1.32"]
[White "Jovanovic, Dusan D"]
[Black "Rajkovic, Aleksandar"]
[Result "1-0"]
[WhiteElo "2401"]
[BlackElo "2171"]
[PlyCount "0"]
[WhiteTeam "RUDAR - Kostolac"]
[BlackTeam "POZAREVACKI SK -Pozarevac"]
[EventDate "2018.09.07"]

1.Nf3 Nf6 2.c4 c5 3.g3 g6 4.Bg2 Bg7 5.Nc3 O-O 6.d4 cxd4 7.Nxd4
Nc6 8.Nc2 d6 9.O-O Ng4 10.Bd2 f5 11.Qc1 Nce5 12.h3 Nf6 13.b3
Nf7 14.Rb1 e5 15.Nb4 Rb8 16.Be3 Qa5 17.a3 Be6 18.Rd1 a6 19.Nbd5
b5 20.Ne7+ Kh8 21.Nc6 Qc7 22.Nxb8 Qxb8 23.Nd5 bxc4 24.bxc4 Qc8
25.Kh2 f4 26.gxf4 Bxd5 27.cxd5 Qf5 28.Rb4 a5 29.Ra4 Qh5 30.Bf3
Qh4 31.Qc2 e4 32.Bxe4 Ng4+ 33.Kg2 Nxe3+ 34.fxe3 g5 35.Bf3 Rg8
36.f5 Qh6 37.Qc7 Ne5 38.Qe7 g4 39.hxg4 Qxe3 40.Re4 Qxa3 41.Rh1
Qc3 42.f6 Nxf3 43.fxg7+ 1-0

[Event "Druga liga CS - Istok 2018 grupa sever"]
[Site ""]
[Date "2018.09.07"]
[Round "1.33"]
[White "Rajkovic, Ljubisa"]
[Black "Djordjevic, Nebojsa"]
[Result "1/2-1/2"]
[WhiteElo "2092"]
[BlackElo "2284"]
[PlyCount "0"]
[WhiteTeam "POZAREVACKI SK -Pozarevac"]
[BlackTeam "RUDAR - Kostolac"]
[EventDate "2018.09.07"]

1.d4 d5 2.c4 e6 3.Nc3 Nf6 4.Bg5 Be7 5.Nf3 O-O 6.e3 Nbd7 7.Rc1
c6 8.Bd3 h6 9.Bh4 Ne4 10.Bxe7 Nxc3 11.Qb3 Qxe7 12.Qxc3 Re8 13.O-O
dxc4 14.Bxc4 b6 15.Rfd1 Bb7 16.Be2 Rac8 17.b4 Ra8 18.Qb2 a5 19.b5
c5 20.dxc5 Nxc5 21.Qe5 Bxf3 22.gxf3 Rad8 23.Rc4 Rxd1+ 24.Bxd1
Rd8 25.Bc2 Qg5+ 26.Qxg5 hxg5 27.Kf1 Kf8 28.Ke2 Ke7 29.h4 gxh4
30.Rxh4 f5 31.Rd4 Rxd4 32.exd4 Nb7 33.f4 Nd6 34.Bd3 Kf6 35.Ke3
Ne8 36.a4 Nc7 37.Bc4 g5 38.fxg5+ Kxg5 39.Kf3 Kf6 40.Kf4 Ne8 41.Bf1
Nd6 42.Bd3 Nf7 43.Bc2 Nh8 44.Ke3 Ng6 45.f4 Ne7 46.Bb3 Nc8 47.Bc4
Nd6 48.Bd3 Ke7 49.Kf3 Nb7 50.Ke3 Kd6 51.Bc4 Nd8 52.Kd3 Nf7 53.Bb3
Nh6 54.Bd1 Ng4 55.Bf3 Nf6 56.Ke3 1/2-1/2

[Event "Druga liga CS - Istok 2018 grupa sever"]
[Site ""]
[Date "2018.09.07"]
[Round "1.34"]
[White "Zafirovski, Mite"]
[Black "Zivanovic, Zoran M"]
[Result "1-0"]
[WhiteElo "2245"]
[BlackElo "2049"]
[PlyCount "0"]
[WhiteTeam "RUDAR - Kostolac"]
[BlackTeam "POZAREVACKI SK -Pozarevac"]
[EventDate "2018.09.07"]

1.d4 Nf6 2.c4 e5 3.dxe5 Ng4 4.Nf3 Nc6 5.Nc3 Ngxe5 6.Nxe5 Nxe5
7.e3 Bb4 8.Bd2 O-O 9.Be2 d6 10.a3 Bxc3 11.Bxc3 Qe7 12.O-O f5
13.Qd2 Kh8 14.Rae1 b6 15.f4 Ng4 16.Bf3 Rb8 17.e4 Qf7 18.Bxg4
fxg4 19.f5 Ba6 20.Rf4 Qh5 21.Qe2 Rf7 22.Rxg4 Qh6 23.Rg3 Re8 1-0

[Event "Druga liga CS - Istok 2018 grupa sever"]
[Site ""]
[Date "2018.09.07"]
[Round "1.35"]
[White "Nikolic, Dejan"]
[Black "Maksimovic, Boban"]
[Result "1/2-1/2"]
[WhiteElo "1861"]
[BlackElo "2213"]
[PlyCount "0"]
[WhiteTeam "POZAREVACKI SK -Pozarevac"]
[BlackTeam "RUDAR - Kostolac"]
[EventDate "2018.09.07"]

1.d4 Nf6 2.c4 e6 3.a3 b6 4.Nc3 Bb7 5.Nf3 d5 6.Bg5 Be7 7.e3 O-O
8.Rc1 Nbd7 9.Be2 Ne4 10.Bf4 Bd6 11.Bxd6 Nxd6 12.cxd5 exd5 13.O-O
Qf6 14.Qa4 Rfd8 15.Nb5 c6 16.Nxd6 Qxd6 17.b4 a5 18.Qb3 Ra7 19.b5
c5 20.dxc5 bxc5 21.Rfd1 Qe7 22.Qb2 f6 23.h3 Nb6 24.Qc2 Rc8 25.Re1
g6 26.Nd2 Rc7 27.Nb3 a4 28.Nd4 Bc8 29.Bf3 Be6 30.Qb2 1/2-1/2

[Event "Druga liga CS - Istok 2018 grupa sever"]
[Site ""]
[Date "2018.09.07"]
[Round "1.36"]
[White "Nikolic, Zeljko"]
[Black "Kandjolas, Konstantin"]
[Result "1/2-1/2"]
[WhiteElo "2206"]
[BlackElo "1915"]
[PlyCount "0"]
[WhiteTeam "RUDAR - Kostolac"]
[BlackTeam "POZAREVACKI SK -Pozarevac"]
[EventDate "2018.09.07"]

1.d4 Nf6 2.Bf4 g6 3.e3 Bg7 4.Be2 O-O 5.h4 h5 6.g4 hxg4 7.Bxg4
d6 8.Bf3 Qd7 9.h5 {+0.00} Nxh5 10.Bxh5 gxh5 11.Qxh5 Qf5 12.Qe2
c5 13.Bh6 cxd4 14.Bxg7 Kxg7 15.Nf3 Rh8 16.Rxh8 Kxh8 17.Nxd4 Qg4
18.Nf3 Qh5 19.Nbd2 Qh1+ 20.Qf1 Qxf1+ 21.Nxf1 Nc6 22.c4 Bg4 23.N3h2
Be6 24.Nd2 Ne5 25.b3 Rg8 26.Ke2 Rg2 27.Nhf3 Bg4 28.Rh1+ Kg7 29.e4
Bxf3+ 30.Nxf3 Ng4 31.Rf1 Nh2 32.Rg1 Rxg1 33.Nxg1 Ng4 34.f4 f5
35.Kf3 Kf6 36.Ne2 Nh6 37.Nc3 a6 38.b4 e6 39.a4 Nf7 40.a5 Nd8
41.b5 Ke7 42.Ke3 Kd7 43.Ne2 Nf7 44.exf5 exf5 45.Nd4 Nh6 46.bxa6
bxa6 47.Kd3 Kc7 48.Kc3 Kd7 49.Kb4 Kc7 50.c5 dxc5+ 51.Kxc5 Nf7
52.Nxf5 Nd8 53.Nd4 Nb7+ 54.Kb4 Kd6 55.Nb3 Kd5 56.Nd2 Ke6 1/2-1/2

[Event "Druga liga CS - Istok 2018 grupa sever"]
[Site ""]
[Date "2018.09.07"]
[Round "1.37"]
[White "Dubravcic, Nikola"]
[Black "Krstic, Milos"]
[Result "0-1"]
[WhiteElo "1815"]
[BlackElo "2171"]
[PlyCount "0"]
[WhiteTeam "POZAREVACKI SK -Pozarevac"]
[BlackTeam "RUDAR - Kostolac"]
[EventDate "2018.09.07"]

1.e4 e5 2.Nf3 Nf6 3.Nc3 Bb4 4.d3 d5 5.exd5 Nxd5 6.Bd2 Nxc3 7.bxc3
Bd6 8.Be2 O-O 9.O-O c6 10.Ng5 Nd7 11.Ne4 Be7 12.f4 f5 13.Ng3
Bh4 14.fxe5 Bxg3 15.hxg3 Nxe5 16.d4 Ng6 17.Bc4+ Kh8 18.Qh5 Qd6
19.Rf3 Be6 20.Bd3 Bd5 21.Re3 Rae8 22.Rae1 Rxe3 23.Rxe3 Qf6 24.Re1
Bxa2 25.Ra1 Bd5 26.Rxa7 b5 27.Bg5 Qd6 28.Kh2 Be4 29.Qe2 Qd5 30.Rc7
Qd6 31.Ra7 Bxd3 32.cxd3 f4 33.gxf4 h6 34.Be7 Qxf4+ 35.g3 Qf2+
36.Qxf2 Rxf2+ 37.Kg1 Rf3 38.Bb4 Rxg3+ 39.Kf2 Rxd3 40.Rc7 Nf4
41.Rxc6 Nd5 42.Rc5 Nxb4 43.cxb4 Rxd4 44.Rxb5 g6 45.Rb7 h5 46.Kg3
Kg8 47.Kh3 Rf4 48.Kg3 Rd4 49.Kh3 Kf8 50.Kg3 Rc4 51.Kh3 Re4 52.Kg3
Re7 53.Rb5 Kf7 54.Kf4 Kf6 55.Rb6+ Re6 56.Rb8 g5+ 57.Kf3 h4 58.Kg4
Re4+ 59.Kh3 Re3+ 60.Kh2 Kf5 61.Rc8 Rb3 62.Rc4 h3 63.b5 g4 64.Rc5+
Kf4 65.Rc4+ Kf3 66.Rc5 Rb2+ 67.Kh1 Rb1+ 68.Kh2 g3+ 0-1

[Event "Druga liga CS - Istok 2018 grupa sever"]
[Site ""]
[Date "2018.09.07"]
[Round "1.38"]
[White "Tosic, Nebojsa"]
[Black "Tosic, Jovan"]
[Result "1-0"]
[WhiteElo "2085"]
[BlackElo "1493"]
[PlyCount "0"]
[WhiteTeam "RUDAR - Kostolac"]
[BlackTeam "POZAREVACKI SK -Pozarevac"]
[EventDate "2018.09.07"]

1.e4 d6 2.d4 c6 3.Nf3 Bg4 4.Be2 Qc7 5.Be3 Nd7 6.Nbd2 Nb6 7.a4
a5 8.c4 g6 9.Qb3 c5 10.h3 Bxf3 11.Bxf3 e5 12.dxe5 dxe5 13.Qb5+
Nd7 14.Nb1 h6 15.Nc3 Ngf6 16.O-O-O Be7 17.Bg4 Rd8 18.Nd5 Nxd5
19.Rxd5 h5 20.Bxd7+ Kf8 21.Rhd1 Kg7 22.Bxc5 Bg5+ 23.Kb1 1-0